000 00446nam a2200109Ia 4500
008 230320s9999||||xx |||||||||||||| ||spa||
082 _aTMI/2007/3
100 _aHidalgo Pisconte, Roxana Elena
245 0 _aPropuesta De Aplicación Del Modelo T En El Área De Comunicación Integral Para El Primer Grado De Educación Primaria En La Institución Educativa Del Estado Nº 7043 Corazón De Jesús - Barranco
260 _bLima 2007
942 _80
_cLIB
999 _c47546
_d47546